000 00688nam a2200217 a 4500
999 _c5078
_d5078
001 5078
003 BD-JhCC
005 20171207192201.0
008 171207s1990 bg |||| ||a| 000 0 ben d
035 _a(BD-JhCC)5078
040 _aBD-JhCC
_dBD-JhCC
041 _aben
082 _a519.5
_bISL 1990
100 _aইসলাম, এন. এন. তাজুল
245 _aগানিতিক পদ্ধতি পরিচয় /
_c এন. এন. তাজুল ইসলাম
260 _aঢাকা :
_bরিজভী প্রকাশনী,
_c১৯৯০.
300 _a503 p. :
_c21 cm.
650 _aMathmetical Statistics
942 _2ddc
_cBK